00406nam a2200181Ia 4500008004100000020001400041050001400055100001800069245001800087245001800105260001500123260001600138260000900154300001600163300002700179300001000206500000800216170918s9999 xx 000 0 und d a590434500 bY471 1975 aYep, Laurence aDragonwings / cLaurence Yep. aNew York : bScholastic, c1975 a248 pages : bcolored illustration ; c19cm. a870